000 00970nam a22001817a 4500
999 _c61089
_d61089
005 20231218170457.0
008 231218s1982 ru ||||| |||| 00| 0 rus d
041 _arus
080 _a930.1(09)(490) H-45
100 _aНейхардт, А.А.
_920771
245 _aСкифский рассказ Геродота в отечественной историографии /
_c А.А. Нейхардт; Академия наук СССР. Институт истории СССР. Ленинградское отделение.
264 _aЛ.:
_bНаука,
_c1982.
300 _a237 с. ;
_b20 см.
653 _aჰეროდოტეს სკვითური ამბავი რუსულ ისტორიოგრაფიაში
653 _aისტორია
710 _aАкадемия наук СССР.
_dИнститут истории СССР. Ленинградское отделение.
_920772
942 _2udc
_cᲬᲘᲒᲜᲘ